| 000 | nam a22 7a 4500 | ||
|---|---|---|---|
| 999 |
_c60279 _d60279 |
||
| 003 | Nust | ||
| 005 | 20170116170740.0 | ||
| 008 | 170116b xxu||||| |||| 00| 0 eng d | ||
| 020 | _a1841951676 | ||
| 040 | _cNust | ||
| 082 |
_a820.99411 _bGRA |
||
| 100 | _aGray, Alasdair | ||
| 245 |
_aA short survey of classic scottish writing / _cAlasdair Gray |
||
| 260 |
_aUK: _bCanongate books, _c2001 |
||
| 300 | _a159p. | ||
| 500 | _aScottish literature | ||
| 650 | _aScottish literature | ||
| 650 | _aIntellectual life | ||
| 942 |
_2ddc _cBK |
||